Canciones "amorosas" - Estadísticas

Estadísticas generales
  • Esta prueba ha sido intentada 59 veces
  • La puntuación promedio es 5 de 20
Estadísticas de respuestas
Año Canción Artista % Correcto
2018 «Amorfoda» Bad Bunny
90%
2010 «Cuando me enamoro» Enrique Iglesias
53%
2020 «ADMV» Maluma
39%
2011 «Canción de amor caducada» Melendi
39%
2010 «Cuando me enamoro» Juan Luis Guerra
33%
1994 «Amor prohibido» Selena
31%
2001 «Y sólo se me ocurre amarte» Alejandro Sanz
24%
2000 «Amarte es un placer» Luis Miguel
24%
2016 «Me enamoré de ti» David Bisbal
22%
1981 «Con tu amor» Juan Gabriel
20%
1984 «Amor eterno» Rocío Dúrcal
20%
2005 «Para tu amor» Juanes
18%
2005 «Tu amor me hace bien» Marc Anthony
12%
2015 «Amor completo» Mon Laferte
12%
1949 «Amorcito corazón» Pedro Infante
12%
1992 «El amor después del amor» Fito Páez
10%
1971 «Mi gran amor» Nino Bravo
8%
2003 «Love» Zoé
8%
1988 «Te amo» Franco de Vita
6%
2009 «El amor» Tito el Bambino
4%
No se encontraron pruebas coincidentes
Distribución de puntuación
Porcentaje de gente con cada puntuación
Porcentaje por número respondido
Historial de tus puntuaciones
No has intentado esta prueba.